|
|
|
|
| LEADER |
00989cas a2200217 a 4500 |
| 001 |
AALejournalJSTOR002145 |
| 008 |
230228c9999 xx r poo 0 0eng d |
| 022 |
|
|
|a 2374-3093
|
| 022 |
|
|
|a 2376-2756
|
| 040 |
|
|
|a BD-DhAAL
|c BD-DhAAL
|
| 245 |
0 |
0 |
|h [electronic resource]
|a Pi Lambda Theta Journal
|
| 260 |
|
|
|b Phi Delta Kappa International
|
| 300 |
|
|
|a 1 online resource
|
| 362 |
0 |
|
|a Vol. 6,
|a no. 2
|
| 500 |
|
|
|a <strong>Off-Campus Access:</strong> Athens ID and Password Required
|
| 500 |
|
|
|a <strong>On-Campus Access:</strong> No User ID or Password Required
|
| 506 |
|
|
|a Electronic access restricted to authorized BRAC University faculty, staff and students
|
| 538 |
|
|
|a Mode of access: Internet
|
| 650 |
|
4 |
|a Education ; Social Sciences
|
| 856 |
4 |
0 |
|z Full text available on JSTOR[1926-12-01 - 1953-07-01]
|u https://www.jstor.org/journal/pilambdathetaj
|
| 856 |
4 |
0 |
|z Off-campus access
|u https://go.openathens.net/redirector/bracu.ac.bd?url=https%3A%2F%2Fwww.jstor.org%2Fjournal%2Fpilambdathetaj
|